| 000 | 00800nam a22002057a 4500 | ||
|---|---|---|---|
| 008 | 090129t xxu||||| |||| 00| 0 eng d | ||
| 010 | _aENG-92674 | ||
| 020 |
_c595.00 _a9788124113806 |
||
| 035 | _aEN-76207 | ||
| 037 | _bDBAD / PUB | ||
| 040 |
_adpl _bEnglish |
||
| 082 | _a230.31 | ||
| 100 | _aArchana Shankar | ||
| 245 |
_aDevi / _cby Archana Shankar; photograph by Sondeep Shankar |
||
| 260 |
_aNew Delhi _bHar-Anand Publications _c2008 |
||
| 270 |
_aE-49/3, Okhla Industrial Area, Phase-II, _bNew Delhi _e110020 |
||
| 300 |
_a80p.: _c28cm (Hb) _bcol. photos |
||
| 942 |
_2ddc _cEN _mARC _h230.31 |
||
| 999 |
_c22577 _d22577 |
||